[Event "Iberoamerican-ch 8th"]
[Site "Mexico City"]
[Date "2022.02.13"]
[Round "2"]
[White "Castellanos Gonzalez, Mariano"]
[Black "Mora Estrada, Jose Antonio"]
[Result "1-0"]
[WhiteElo "1438"]
[BlackElo "1767"]
[PlyCount "63"]
[EventDate "2022.02.12"]
[EventType "swiss"]
[EventRounds "9"]
[EventCountry "MEX"]
[SourceTitle "CBM 206 Extra"]
[Source "ChessBase"]
[SourceDate "2022.03.31"]
[SourceVersion "1"]
[SourceVersionDate "2022.03.31"]
[SourceQuality "1"]

1. e4 c5 2. Nc3 Nc6 3. g3 g6 4. Bg2 Nf6 5. d3 Bg7 6. f4 d6 7. Nf3 0-0 8. 0-0 a6 9. Be3 Bd7 10. Qd2 Rc8 11. f5 gxf5 12. exf5 Bxf5 13. Bh6 e6 14. Bxg7 Kxg7 15. Qg5+ Kh8 16. Nh4 Bg6 17. Qxf6+ Kg8 18. Qxd8 b5 19. Qxd6 Nd4 20. Nxg6 hxg6 21. Qd7 Nxc2 22. Rxf7 Rxf7 23. Qxc8+ Kg7 24. Rf1 Ra7 25. Qxe6 Nd4 26. Qf6+ Kh7 27. Be4 Rg7 28. Rf4 b4 29. Rh4+ Kg8 30. Bd5+ Ne6 31. Bxe6+ Rf7 32. Qxf7# 1-0